000 03625nam a2200265 a 4500
003 MX-MxUPN
005 20241106093247.0
008 241104t2013 mx |||||r|||| 000 0 spa d
020 _a9786073077378
040 _aMX-MxUPN
_bspa
_cMX-MxUPN
041 0 _aspa
050 1 4 _aLB2332.3
_bM85 2023
245 0 0 _aMujeres en la educación superior
250 _aPrimera edición.
260 _aMéxico :
_bUniversidad Nacional Autónoma de México, Facultad de Estudios Superiores Iztacala,
_c©2023
300 _a352 páginas
505 0 0 _tDesafíos pendientes de la educación no sexista en las universidades chilenas: las demandas del "Mayo feminista" /
_rCatalina Barra Lobos, Estrella Montes-López, Helena Román Alonso --
_tProceso de gestación y diseño de la política universitaria de igualdad en la Universidad de Guadalajara /
_rMaría del Carmen Quevedo-Marín, Lidia Karina Macías-Esparza --
_tAndrocentrismo en la educación superior brasileña /
_rAnna Júlia Giurizatto Medeiros, Estrella Montes-López --
_tFactores de riesgo y de protección para las conductas preventivas de slaud contra la covid-19 entre mujeres profesionales y no profesionales. Ruptura de la cadena de infeccción desde una perpectiva de género /
_rMaría Nohemí Colín Soto, Rosalinda Sánchez-Arenas, Lourdes Basurto Acevedo, Braulio Rubio-Rojas, Luis A. Rojas-Sánchez, Marcio Antonio González Pérez --
_tMujeres en la universidad. Experiencia, acceso y uso de las tecnologías: entre la reproducción y las resistencias a los mandatos de género /
_rLiliana Ibeth Castañeda Rentería, María Felícitas Parga Jiménez --
_tCómo viven el presente e imaginana el futuro las universitarias. Una exploración sobre las condiciones actuales de vida y expectativas de mujeres jóvenes en la educación superior /
_rEduardo Hernández González --
_tExperiencias educativas de mujeres estudiantes universitarias durante la pandemia por covid-19 /
_rKarla Alejandra Contreras Tinoco, Laura Nadhielii Alfaro Beracoechea, Ana Gabriela Díaz Castillo --
_tCuidado, maternidad y educación superior: experiencias de madres universitarias antes y durante la pandemia por covid-19 /
_rEduardo Abedel Galindo Meneses, Emilio Maceda Rodríguez, Angélica Rodríguez Abad --
_tAnálisis sobre las consecuencias de las experiencias de violencia en pasantes de medicina /
_rKarina Albarrán Rodríguez, Leticia Osornio Castillo --
_tRezago académico y abandono escolar. Problemáticas en mujeres estudiantes de psicología de la UNAM /
_rMarco Antonio González Pérez --
_tCapital social e intención de deserción en licenciaturas del área económico-administrativas: un análisis con perspectiva de género /
_rClaudia M. Prado-Meza, Benjamín Vallejo Jiménez, Ma. Soledad Castellanos Villarruel --
_tRezago y abandono educativo en estudiantes del Centro Universitario de Tonalá, Jalisco: un análisis con perctiva de género /
_rKarla Alejandra Contreras Tinoco, Lourdes Elizabeth Parga Jiménez, Ana Fabiola del Toro García --
_tSuspensión temporal de estudios en la formación de estudiantes de medicina durante la pandemia por covid-19 /
_rLeticia Osornio Castillo, María Isabel Mendoza Ramos, Elsa Jimena Hernández Sierra.
650 4 _aMujeres en la educación superior
_zAmérica Latina
_954495
650 4 _aMujeres
_xEducación superior
_zAmérica Latina
_921576
700 1 _aContreras Tinoco, Karla Alejandra
_954493
_ecoordinación
700 1 _aGonzález Pérez, Marco Antonio
_954494
_ecoordinación
902 _aMarisolLicea/04112024
_bVíctor Ruiz/061124
942 _2lcc
_cLIBRO
_n0
999 _c211969
_d211969